00975nam a2200253 i 4500003000900000005001700009006001900026007000300045008004100048020001900089020002800108040003000136082001400166100003100180245016200211264008400373300006600457336002600523337003200549338002800581490004400609500003400653700003400687DO-SdBNP20230705084739.0a||||gr|||| 00| 0 ta230704t2022 dr ahc|| |||| 00| e spa d a9789945634129  a9789945634136 (online) aDO-SdBNPbspacBNPHUerda 4222bG731g1 aGarcía Muñiz, Humberto10aGarveyismo y racismo en el Caribe: bel caso de la población cocola en la República Dominicana. /cHumberto García Muñiz, Jorge L. Giovannetti-Torres 4aSanto Domingo :bInstituto Nacional de Migración,bBanco de Reservas,c©2022 a273 páginas :bIlustraciones, facsímil, retratos ;c23 cm 2rdacontenatextobtxt 2rdamediaasin mediciónbn 2rdacarrieravolumenbnc aClásicos de la Migración Dominicana aIncluye índice onomástico1 aGiovannetti-Torres, Jorge L.